| 000 | 00765nam a2200241 a 4500 | ||
|---|---|---|---|
| 001 | 46343 | ||
| 003 | BD-RjUL | ||
| 005 | 20211209054134.0 | ||
| 008 | 160801s1956 ii a f001 0 eng d | ||
| 035 | _a(BD-RjUL)46461 | ||
| 040 |
_aBD-RjUL _beng _cBD-RjUL |
||
| 041 | _aeng | ||
| 082 |
_a338.954 _bSEC 1956 |
||
| 110 | 1 |
_aIndia. _bPlanning Commission. _9141516 |
|
| 245 | 1 | 0 |
_aSecond five year plan / _cGovernment of India, Planning Commission. |
| 260 |
_aNew Delhi : _bGovernment of India, Planning Commission, _c1956. |
||
| 300 |
_axiv, 653 p. : _bill. ; _c25 cm. |
||
| 504 | _aIncludes index. | ||
| 610 | 1 | 0 |
_aIndia. _bPlanning Commission. _9141516 |
| 650 | 0 |
_aCentral planning _zIndia. _9141514 |
|
| 651 | 0 |
_aIndia _xEconomic policy. _9141515 |
|
| 942 |
_2ddc _cBK |
||
| 999 |
_c46343 _d46343 |
||